Re-Imagining Business Ethics: Meaningful Solutions for a Global Economy
Збережено в:
| Автор: | |
|---|---|
| Формат: | Книга |
| Опубліковано: |
JAI Press
|
| Теги: |
Немає тегів, Будьте першим, хто поставить тег для цього запису!
|
MARC
| LEADER | 00000nam a2200000Ia 4500 | ||
|---|---|---|---|
| 005 | 20260513122049.0 | ||
| 020 | |a 9780762309559 | ||
| 100 | |a Pava | ||
| 365 | |c £ | ||
| 365 | |b 28.00 | ||
| 942 | |c BK | ||
| 245 | |a Re-Imagining Business Ethics: Meaningful Solutions for a Global Economy | ||
| 260 | |b JAI Press | ||
| 999 | |c 22 |d 22 | ||
| 952 | |0 0 |1 0 |4 0 |7 0 |a UNSW |b UNSW |d 2026-05-06 |g 101.99 |i 16681 |l 0 |p 000048 |r 2026-05-13 12:20:50 |v 101.99 |w 2026-05-13 |y BK | ||